Estado mundial de la infancia 1995

-д хадгалсан:
Номзүйн дэлгэрэнгүй
Үндсэн зохиолч: Grant, James P (Зохиогч)
Формат: Ном
Хэл сонгох:испани
Хэвлэсэн: Barcelona UNICEF 1995
Нөхцлүүд:
Шошгууд: Шошго нэмэх
Шошго байхгүй, Энэхүү баримтыг шошголох эхний хүн болох!

MARC

LEADER 00000nam a2200000 a 4500
001 UCY5894
003 CL-VaPUC
008 950521e19950000SP |||||||||||||||||spa|d
082 0 4 |a 362.7  |b GRA  |2 21 
100 |a Grant, James P  |e author  |9 375582 
245 1 0 |a Estado mundial de la infancia 1995 
300 |a 97 p 
942 |c BK 
945 |d 19950521 00:00:00  |a aalvarez 
260 |a Barcelona  |b UNICEF  |c 1995 
600 0 7 |a UNICEF  |2 CL-VaPUC  |9 335306 
650 7 |a REGIONES SUBDESARROLLADAS  |2 CL-VaPUC  |9 335307 
650 7 |a DESNUTRICION INFANTIL  |2 CL-VaPUC  |9 309087 
650 7 |a INFANCIA  |2 CL-VaPUC  |9 335308 
583 |a last modification  |c 19950521 00:00:00  |k Rodrigo Vera 
999 |c 233500  |d 233498 
952 |0 0  |1 0  |4 0  |6 362_700000000000000_GRA_1995  |7 0  |8 P  |9 239077  |a BIBEDU  |b BIBEDU  |c BIBEDU_PB  |d 2019-11-18  |i 3080870  |o 362.7 GRA 1995  |p 3080870  |r 2024-01-25  |w 2019-11-18  |y BK  |k EDU 
952 |0 0  |1 0  |4 0  |6 362_700000000000000_GRA_1995  |7 0  |8 P  |9 239078  |a BIBEDU  |b BIBEDU  |c BIBEDU_PB  |d 2019-11-18  |i 3186385  |o 362.7 GRA 1995  |p 3186385  |r 2024-01-25  |w 2019-11-18  |y BK  |k EDU 
952 |0 0  |1 0  |4 0  |6 362_700000000000000_GRA_1995  |7 0  |8 P  |9 239079  |a BIBEDU  |b BIBEDU  |c BIBEDU_PB  |d 2019-11-18  |i 3192555  |o 362.7 GRA 1995  |p 3192555  |r 2024-01-25  |w 2019-11-18  |y BK  |k EDU